Improving the accuracy of determining the character saturation reservoirs on the results of log interpretation in the oil field "K"(Tomsk region); IOP Conference Series: Earth and Environmental Science; Vol. 27 : Problems of Geology and Subsurface Development

Bibliografiske detaljer
Parent link:IOP Conference Series: Earth and Environmental Science
Vol. 27 : Problems of Geology and Subsurface Development.— 2015.— [012025, 6 p.]
Hovedforfatter: Rogov A. A. Aleksey Aleksandrovich
Institution som forfatter: Национальный исследовательский Томский политехнический университет (ТПУ) Институт природных ресурсов (ИПР) Кафедра геофизики (ГЕОФ)
Summary:Title screen
Log interpretation has revealed a number of factors that have a significant impact on the determination of reservoir fluid content (oil saturation factor). The presented research paper is focused on the analysis of petrophysical properties of reservoir fluids considering laboratory studies of core samples. Based on core sample analysis, data of laboratory studies have been correlated to estimates of radioactive logging and high-frequency induction logging. To determine the oil saturation factor a method which considers the effect of mixed clay on reservoir fluid saturation has been proposed.
Режим доступа: по договору с организацией-держателем ресурса
Sprog:engelsk
Udgivet: 2015
Serier:Geophysical Surveying Methods for Ore Deposit Prospecting. Geoinformation Systems in Geophysical Surveys
Fag:
Online adgang:http://dx.doi.org/10.1088/1755-1315/27/1/012025
http://earchive.tpu.ru/handle/11683/19924
Format: Electronisk Book Chapter
KOHA link:https://koha.lib.tpu.ru/cgi-bin/koha/opac-detail.pl?biblionumber=645085

MARC

LEADER 00000nla2a2200000 4500
001 645085
005 20231101134340.0
035 |a (RuTPU)RU\TPU\network\10169 
035 |a RU\TPU\network\10166 
090 |a 645085 
100 |a 20151210a2015 k y0engy50 ba 
101 0 |a eng 
105 |a y z 100zy 
135 |a drcn ---uucaa 
181 0 |a i  
182 0 |a b 
200 1 |a Improving the accuracy of determining the character saturation reservoirs on the results of log interpretation in the oil field "K"(Tomsk region)  |f A. A. Rogov 
203 |a Text  |c electronic 
225 1 |a Geophysical Surveying Methods for Ore Deposit Prospecting. Geoinformation Systems in Geophysical Surveys 
300 |a Title screen 
320 |a [References: 7 tit.] 
330 |a Log interpretation has revealed a number of factors that have a significant impact on the determination of reservoir fluid content (oil saturation factor). The presented research paper is focused on the analysis of petrophysical properties of reservoir fluids considering laboratory studies of core samples. Based on core sample analysis, data of laboratory studies have been correlated to estimates of radioactive logging and high-frequency induction logging. To determine the oil saturation factor a method which considers the effect of mixed clay on reservoir fluid saturation has been proposed. 
333 |a Режим доступа: по договору с организацией-держателем ресурса 
461 0 |0 (RuTPU)RU\TPU\network\2499  |t IOP Conference Series: Earth and Environmental Science 
463 0 |0 (RuTPU)RU\TPU\network\10088  |t Vol. 27 : Problems of Geology and Subsurface Development  |o XIX International Scientific Symposium in honor of Academician M. A. Usov, 6–10 April 2015, Tomsk, Russia  |v [012025, 6 p.]  |d 2015 
610 1 |a электронный ресурс 
610 1 |a труды учёных ТПУ 
610 1 |a резервуары 
610 1 |a нефтяные месторождения 
610 1 |a нефтенасыщенность 
610 1 |a петрофизические свойства 
610 1 |a пластовые флюиды 
610 1 |a каротаж 
700 1 |a Rogov  |b A. A.  |c geophysicist  |c engineer of Tomsk Polytechnic University  |f 1992-  |g Aleksey Aleksandrovich  |2 stltpush  |3 (RuTPU)RU\TPU\pers\35861 
712 0 2 |a Национальный исследовательский Томский политехнический университет (ТПУ)  |b Институт природных ресурсов (ИПР)  |b Кафедра геофизики (ГЕОФ)  |h 254  |2 stltpush  |3 (RuTPU)RU\TPU\col\18667 
801 2 |a RU  |b 63413507  |c 20161121  |g RCR 
856 4 |u http://dx.doi.org/10.1088/1755-1315/27/1/012025 
856 4 |u http://earchive.tpu.ru/handle/11683/19924 
942 |c CF